| 000 | 01124cam a2200205 4500 | ||
|---|---|---|---|
| 008 | 030410n2003 000 0 eng u | ||
| 035 | _a(Sirsi) u121954 | ||
| 245 | _aDavies and another v Hyder plc (formerly Welsh Water) | ||
| 260 | _c2003 | ||
| 490 |
_aRating and Valuation Reporter _v[2003] RVR 37-38(2) |
||
| 520 | _aLT 29 August 2001. Compensation under the Water Industry Act 1991 Sched 12 for loss and damage caused by the installation of a new water pipe withing an existing large diameter pipe was assessed at £320. £120 was awarded for time spent and other losses and £200 was paid for damage to land. View judgment at www.courtservice.gov.uk/tribunals/lands_frm.htm. | ||
| 650 | _aDAVIES AND ANOTHER V HYDER PLC | ||
| 650 | _aCOMPENSATION | ||
| 650 | _aWATER INDUSTRY ACT 1991 SCHED 12 | ||
| 650 | _aWATER PIPES | ||
| 650 | _aDAMAGES | ||
| 690 | _aENVIRONMENTAL AND LAND CONSULTANCY-PLANNING AND DEVELOPMENT-COMPULSORY PURCHASE AND COMPENSATION | ||
| 856 |
_uhttps://www.courtservice.gov.uk/tribunals/lands/decisions/dec-lca-041-01.htm _zView judgment at Lands Tribunal website. |
||
| 942 | _n0 | ||
| 999 |
_c72480 _d72480 |
||